000 00703nas a2200241 i 4500
001 603
003 ES-MaACL
005 20250814062548.0
007 t|
008 950801d18681940fr | | 1 ||re d
080 _a06
245 0 0 _aBulletins et Mémoires de la Société de Thérapeutique.
260 _aParis :
_bOctave Doin,
_c1868-1940 (
_fA. Hennuyer)
300 _a2 v. ;
_c23 cm.
310 _aAnual
362 0 _aPremière série, t. I 1866/68-1939/40 [?]
650 1 4 _aPatología.
_915884
650 4 _aInstituciones científicas y diversas
_913829
710 0 0 _aSociété de Thérapeutique (
_cFrancia)
_96847
852 _aES-MaACL
_jHem-187
866 0 _o1891-95.
999 _c603
_d603